000 00385nam a2200145Ia 4500
008 230917s9999||||xx |||||||||||||| ||und||
040 _e176827
_aMAIN
041 _aEnglish
082 _a891.433721 AR67R
100 _aअरोडा़, राम
245 0 _aऋतुशेष
260 _aदिल्ली
_bभावना
_c1980
300 _a159 पृ. p.
942 _cHN
999 _c214263
_d214263